Focus Bedfordshire, Herts and Essex (Record no. 82649)

MARC details
000 -LEADER
fixed length control field 00945cab a22002175a 4500
001 - CONTROL NUMBER
control field L150830
008 - FIXED-LENGTH DATA ELEMENTS--GENERAL INFORMATION
fixed length control field 100907e20100904xxk 000 0 eng d
035 ## - SYSTEM CONTROL NUMBER
System control number (Sirsi) u150830
041 0# - LANGUAGE CODE
Language code of text/sound track or separate title eng
100 1# - MAIN ENTRY--PERSONAL NAME
Personal name Jack, Simon
245 00 - TITLE STATEMENT
Title Focus Bedfordshire, Herts and Essex
260 ## - PUBLICATION, DISTRIBUTION, ETC.
Date of publication, distribution, etc. 2010
490 ## - SERIES STATEMENT
Series statement Estates Gazette
Volume/sequential designation (1035) 4 September 2010, 63-77(9)
520 ## - SUMMARY, ETC.
Summary, etc. Office, retail and industrial development in Bedfordshire, Hertfordshire and Essex. Abolition of Regional Spatial Strategies (RSS) has made many planned housebuilding schemes unviable with many being put on hold. Reviews supply and demand for warehouse industrial sheds. Office take up, availability, rents and activity, industrial take up and rents and retail Zone A rents.
590 ## - LOCAL NOTE (RLIN)
Local note KA
651 #4 - SUBJECT ADDED ENTRY--GEOGRAPHIC NAME
Geographic name United Kingdom
Chronological subdivision
690 ## - LOCAL SUBJECT ADDED ENTRY--TOPICAL TERM (OCLC, RLIN)
Topical term or geographic name as entry element PROPERTY-COMMERCIAL PROPERTY-COMMERCIAL PROPERTY MARKET
700 1# - ADDED ENTRY--PERSONAL NAME
Personal name Norwood, Graham
700 1# - ADDED ENTRY--PERSONAL NAME
Personal name Elghamry, Nadia
942 ## - ADDED ENTRY ELEMENTS (KOHA)
Suppress in OPAC 0
Holdings
Withdrawn status Lost status Source of classification or shelving scheme Damaged status Not for loan Home library Current library Shelving location Date acquired Total Checkouts Full call number Barcode Date last seen Copy number Price effective from Koha item type
    Dewey Decimal Classification     London London Journal article 07/09/2010   L150830 150830-1001 06/08/2019 1 06/08/2019 Journal article